| 000 | 00516nam a2200193 a 4500 | ||
|---|---|---|---|
| 001 | 3931 | ||
| 003 | CO-ViMGA | ||
| 008 | 141112s2004 ck r 000 u spa d | ||
| 040 |
_aCO-ViMGA _bspa _cCO-ViMGA |
||
| 082 | 0 | 4 | _a664 M853 |
| 100 | 1 |
_aMuller, H.G. _954176 |
|
| 245 | 1 | 0 |
_aNutrición y ciencia de los alimentos / _cMuller H.G. , Tobin G. |
| 260 |
_aZaragoza : _bAcribia, _c1986 |
||
| 300 | _a321 p : il | ||
| 650 | 1 | 4 |
_aALIMENTOS _98065 |
| 650 | 1 | 4 | _aNUTRICION |
| 650 | 1 | 4 |
_aTobin, G. _954178 |
| 942 |
_2ddc _cBK |
||
| 999 |
_c15949 _d15949 |
||